000 00547nam a2200193 a 4500
001 661
003 CO-ViMGA
008 141112s2004 ck r 000 u spa d
040 _aCO-ViMGA
_bspa
_cCO-ViMGA
082 0 4 _a863.3 V353d
100 1 _aVelez de Guevara, Luis
_948494
245 1 0 _aEl diablo cojuelo
260 _aSantafé de Bogotá :
_bNorma,
_c1994
300 _a116, 58 p
490 _aCara y cruz
500 _aEncuadernado con A propósito de Luis Velez de Guevara y su obra.
650 1 4 _aNOVELA ESPAÑOLA
_9488
942 _2ddc
_cBK
999 _c12900
_d12900